Mathematics for engineers and scientists (Record no. 82754)

MARC details
000 -LEADER
fixed length control field 00688nam a2200169 a 4500
008 - FIXED-LENGTH DATA ELEMENTS--GENERAL INFORMATION
fixed length control field 120416s1990 ||||||||||||||||| || u
020 ## - INTERNATIONAL STANDARD BOOK NUMBER
International Standard Book Number 041234310x
050 ## - LIBRARY OF CONGRESS CALL NUMBER
Classification number TA 330 Jef
100 ## - MAIN ENTRY--PERSONAL NAME
Personal name Jeffrey, Alan
245 10 - TITLE STATEMENT
Title Mathematics for engineers and scientists
250 ## - EDITION STATEMENT
Edition statement 4th ed.
260 ## - PUBLICATION, DISTRIBUTION, ETC.
Place of publication, distribution, etc. London
Name of publisher, distributor, etc. Chapman and Hall
Date of publication, distribution, etc. 1990
300 ## - PHYSICAL DESCRIPTION
Extent xii, 879p. : ill.
350 ## -
-- 0.00
995 ## -
-- MAIN LIBRARY OPEN ACCESS
-- 0.00
-- 724857
-- CBU-MAIN LIBRARY (Kitwe)
-- 1
-- 5.95
-- TA 330 Jef
-- 1
-- AVAILABLE
-- 020286
-- Main Library Open Access Collection
995 ## -
-- BINDERY (DAMAGED)
-- 0.00
-- 724856
-- CBU-MAIN LIBRARY (Kitwe)
-- 2
-- 5.95
-- TA 330 Jef
-- 2
-- DAMAGED
-- 012583
-- Main Library Open Access Collection
999 ## -
-- 82754
-- 82754
Holdings
Withdrawn status Lost status Source of classification or shelving scheme Damaged status Not for loan Permanent Location Current Location Shelving location Date acquired Total Checkouts Full call number Barcode Date last seen Copy number Price effective from Koha item type
          CBU-MAIN LIBRARY, KITWE. CBU-MAIN LIBRARY, KITWE.   09/29/2023   TA 330 Jef 020286 09/29/2023 1 09/29/2023 MONOGRAPH
          CBU-MAIN LIBRARY, KITWE. CBU-MAIN LIBRARY, KITWE.   09/29/2023   TA 330 Jef 012583 09/29/2023 2 09/29/2023 MONOGRAPH